00911nam a2200193Ia 450000500170000000800410001702000150005802000180007305000210009110000440011224500970015625000180025326000430027130000230031450502530033765000410059070000430063170000430067420231102151109.0120626s 2005mx a 000 0 spa d a9706863885 a978970686388114aHG4529bH47 20051 aHernández Hernández, Abrahamdautor10aFormulación y evaluación de proyectos de inversiónc / Abraham Hernández Hernández a5a. edición aMéxicob : Cengage Learningc , 2005 axxi, 425 páginas2 aProyectos de inversión Objetivos y metas Estudio de mercado Localización del proyecto Ingeniería del proyecto Organización y administración del proyecto Evaluación financiera. Métodos para evaluar proyectos y equilibrio de la empresa 14aCAPITAL DE INVERSIÓNxEVALUACIÓN aHernández Villalobos, Abrahameautor aHernández Suárez, Alejandroeautor